| 000 | 00591nam a22001697a 4500 | ||
|---|---|---|---|
| 008 | 230316b |||||||| |||| 00| 0 eng d | ||
| 040 |
_aNational Science Library _cNational Science Library |
||
| 080 |
_a639.2(94) _bJ9 |
||
| 100 |
_aDunstan, D J _93328 |
||
| 245 | _aBarramundi lates calcarifer (Bloch) in Queensland waters | ||
| 260 |
_aAustralia: _bCommonwealth Scientifc and Industrial Research Organization, _c1959 |
||
| 300 | _a22p. | ||
| 490 |
_aDivision of fisheries and oceanography technical paper _v5 |
||
| 650 | _aAnimal husbandry | ||
| 653 | _aRivers | ||
| 942 |
_2udc _cREF |
||
| 999 |
_c9965 _d9965 |
||